| 000 | 00569nam a22001817a 4500 | ||
|---|---|---|---|
| 999 |
_c189570 _d189570 |
||
| 005 | 20220706121558.0 | ||
| 010 | _aENG-133440 | ||
| 020 |
_a9789383657322 _c25.00 |
||
| 035 | _aEN-116972 | ||
| 037 | _bDBAD/PUB | ||
| 082 | _a303.484 | ||
| 100 | _aWright, Eric Olin | ||
| 245 |
_aEmancipatory Social Science/ _cEric Olin Wright |
||
| 260 |
_aNew Delhi _bCritical Quest _c2017 |
||
| 270 |
_a420, G-Block, Phase VI, Aya Nagar _bNew Delhi _e110047 _mcriticalquest@gmail.com _k011-26502012 |
||
| 300 |
_a31p. _c22cm(pbk) |
||
| 942 |
_2ddc _cEN _h303.484 _mWRI |
||